书目信息 |
| 题名: |
计算药物分析
|
|
| 作者: | 胡育筑 主编 | |
| 分册: | ||
| 出版信息: | 北京 科学出版社 2006.08 |
|
| 页数: | 338页 | |
| 开本: | 24cm | |
| 丛书名: | ||
| 单 册: | ||
| 中图分类: | R917 | |
| 科图分类: | ||
| 主题词: | 药物学:基础理论 | |
| 电子资源: | ||
| ISBN: | 7-03-017297-3 | |
| 000 | 00614 nam 000229 | |
| 001 | 0100001690 | |
| 005 | 20070901154610.39 | |
| 010 | @a7-03-017297-3@dCNY35.00 | |
| 100 | @a20070804d2006 em y0chiy0121 ea | |
| 101 | @achi | |
| 102 | @aCN@b110000 | |
| 105 | @ay z 000yy | |
| 200 | 10 | @a计算药物分析@9ji suan yao wu fen xi@f胡育筑主编@Fhu yu zhu zhu bian |
| 210 | @a北京@c科学出版社@d2006.08 | |
| 215 | @a338页@d24cm | |
| 300 | @a21世纪高等院校教材 | |
| 606 | @a药物学:基础理论 | |
| 690 | @aR917@v4 | |
| 701 | 0 | @a胡育筑@9hu yu zhu@4主编 |
| 801 | @aCN@c20070901 | |
| 901 | @a000003 | |
| 905 | @dR917@eH520 | |
| 计算药物分析/胡育筑主编.-北京:科学出版社,2006.08 |
| 338页;24cm |
| 21世纪高等院校教材 |
| ISBN 7-03-017297-3:CNY35.00 |
| ● |
| 相关链接 |
|
|
|
正题名:计算药物分析
索取号:R917/H520
 
预约/预借
| 序号 | 登录号 | 条形码 | 馆藏地/架位号 | 状态 | 备注 |
| 1 | 643505 | 206435053 | 自科库401/401自科库 22排4列1层/ [索取号:R917/H520] | 在馆 | |
| 2 | 643506 | 206435062 | 自科库401/401自科库 22排4列1层/ [索取号:R917/H520] | 在馆 | |
| 3 | 643507 | 206435071 | 自科库401/401自科库 22排4列1层/ [索取号:R917/H520] | 在馆 |